| 000 | 00411nam a22001697a 4500 | ||
|---|---|---|---|
| 005 | 20160524115337.0 | ||
| 008 | 160524b xxu||||| |||| 00| 0 eng d | ||
| 020 | _a0-415-25695-0 | ||
| 041 | _aeng | ||
| 082 | _b4569 | ||
| 100 |
_aLowen, Robert H _91127 |
||
| 245 | _aStrategic Operations Mgt. | ||
| 260 |
_aNew Delhi _bAcademic Faundation _c2002 |
||
| 300 | _a305 | ||
| 650 |
_aManagement _9241 |
||
| 942 | _cBK | ||
| 999 |
_c1532 _d1531 |
||